La presencia de China en el hemisferio occidental : las consecuencias para América Latina y Estados Unidos /

Se estudia el surgimiento de China como potencia mundial en pleno siglo XXI y en particular el interés de China por sus relaciones con América Latina y como consecuencia con el socio económico tradicional de ella, Estados Unidos, cuestión que choca con la hegemonía que ha ejercido en la región este...

Ամբողջական նկարագրություն

Պահպանված է:
Մատենագիտական մանրամասներ
Հիմնական հեղինակ: Roett, Riordan (ed.)
Այլ հեղինակներ: Paz, Guadalupe (edición) (edición), Morales de Setién Ravina, Carlos (traducción) (traducción), Motta, Cristina (traducción) (traducción)
Ձևաչափ: Գիրք
Լեզու:իսպաներեն
Հրապարակվել է: Buenos Aires, Argentina : Libros del Zorzal, 2009, c2009
Խորագրեր:
Ցուցիչներ: Ավելացրեք ցուցիչ
Չկան պիտակներ, Եղեք առաջինը, ով նշում է այս գրառումը!

MARC

LEADER 00000nam^a2200000^a^4500
001 000307029
005 20250521000000.0
009 20260310112836.678
020 |a 978-987-599-119-4 
037 |a Acervo ITESO - Biblioteca 
041 |a ESP 
082 |a 320. 95106  |b RET 
100 |a Roett, Riordan  |e (ed.) 
245 1 3 |a La presencia de China en el hemisferio occidental :  |b las consecuencias para América Latina y Estados Unidos /  |c Ed. de R. Roett, G. Paz ; tr. por C. Morales de Setién Ravina, C. Motta. 
264 4 |a Buenos Aires, Argentina :  |b Libros del Zorzal,  |c 2009, c2009 
300 |a 316 p. 
336 |a texto  |b txt  |2 rdacontenido 
337 |a sin mediación  |b n  |2 rdamedio 
338 |a volumen  |b nc  |2 rdasoporte 
520 |a Se estudia el surgimiento de China como potencia mundial en pleno siglo XXI y en particular el interés de China por sus relaciones con América Latina y como consecuencia con el socio económico tradicional de ella, Estados Unidos, cuestión que choca con la hegemonía que ha ejercido en la región este último. El interés de China es obtener una seguridad económica y energética con su relación con Latinoamérica. 
649 |a XX 
650 |a Recursos Energéticos -  |z Latinoamérica 
650 |a Relaciones Internacionales -  |z China-Latinoamérica -  |x Tema Principal 
650 |a Relaciones Internacionales -  |z China-EUA 
650 |a Relaciones Internacionales -  |z China-Occidente 
650 |a Política Económica -  |z China 
650 |a Economía Internacional 
650 |a Globalización 
650 |a Economía -  |z China -  |x Historia -  |y Siglo XXI 
650 |a Política -  |z China -  |x Historia -  |y Siglo XXI -  |x Tema Principal 
650 |a China -  |x Condiciones Económicas -  |x Tema Principal 
650 |a China -  |x Condiciones Políticas -  |x Tema Principal 
700 |a Paz, Guadalupe  |e (edición) 
700 |a Morales de Setién Ravina, Carlos  |e (traducción) 
700 |a Motta, Cristina  |e (traducción) 
910 |a Fondo General 
920 |a Impresos - Libros 
930 |a Colección General 
905 |a 101 
901 |a 0500193406  |b IT1  |c ACC  |i C126167  |u 20250521 
902 |a https://opac.biblio.iteso.mx/vufind/Record/000307029